10 chanteurs - Statistiques

Statistiques générales
  • Ce quiz a été pris 665 fois
  • Le résultat moyen est 9 sur 10
Statistiques - réponses
Hint Réponse % Correct
Sheeran Ed
98%
Gims Maitre
98%
Doré Julien
95%
Presley Elvis
94%
Goldman Jean Jacques
94%
Weeknd The
92%
Girac Kendji
90%
Jackson Michael
89%
Malade Grand corps
87%
Mendes Shawn
61%
Aucun quiz correspondant
Distribution des résultats
% des personnes avec chaque résultat
Percentile par nombre de réponses
Votre historique - résultats
Vous n’avez pas pris ce quiz